000 00920nam a2200253Ia 4500
003 OSt
005 20220930080230.0
006 a|||||r|||| 00| 0
007 ta
008 220926b |||||||| |||| 00| 0 eng d
024 _a85999
037 _cTheses
040 _aCRL
_cCRL
_beng
041 _2eng
_aeng
100 _aHasija Rohit
_9538369
110 _aUniversity of Delhi. Faculty of Medical Sciences. Department of Orthopaedics
_9519703
245 0 _aRetrospective and prospective evaluation of clinical and functional results of total hip reconstruction in patients with acetabular bone deficiency using an uncemented cup
260 _c2006
650 _aORTHOPEDICS
_9519704
700 _a Dr. A. K.Singh Gu.
_9532649
700 _aUniversity of Delhi. Faculty of Medical Sciences. Department of Orthopaedics
_9519706
942 _cDIS
_2CC
999 _c869495
_d869495